000 00649nam a2200205Ia 4500
003 OSt
005 20240401100518.0
008 210210b1988 xxu||||| |||| 00| 0 eng d
040 _cAL
041 _aKannada
082 _aK894.9 PRAD
100 _aPRAHLADARAV (Ke),Ed.
_9109820
_dಪ್ರಹಲ್ಲಾದರಾವ್ (ಕೆ)
245 _aD V G samagra krati parishilane.
_bಡಿವಿಜಿ ಸಮಗ್ರ ಕೃತಿ ಪರಿಶೀಲನೆ
260 _aKolara
_bDVG Shatamanotsava Samiti
_c1988
300 _a356,60
650 _aGundappa Di Vi
_9109821
690 _aKannada Criticism
_9109822
906 _a044386
942 _2ddc
_cBK
999 _c94062
_d94062